| 000 | 00448nam a2200181Ia 4500 | ||
|---|---|---|---|
| 001 | 2408 | ||
| 008 | 140314s9999 xx 000 0 und d | ||
| 020 | _a0140512551 | ||
| 040 | _cPK-LaUMT | ||
| 082 |
_aR 330.03 _bBAN-P |
||
| 100 | _aBannock, Graham, Ed. | ||
| 245 | 4 |
_aThe Penguin dictionary of economics _cBannock, Graham, Ed. |
|
| 250 | _a3rd | ||
| 260 |
_aLondon,UK: _bPenguin Books, _c1992 |
||
| 300 | _a448 p. | ||
| 546 | _aEN | ||
| 942 | _cBK | ||
| 999 |
_c2718 _d2718 |
||